Countries with Wild Tigers - Statistics

General Stats
  • This quiz has been taken 83 times
  • The average score is 12 of 13
Answer Stats
Population Country % Correct
< 2,300 India
100%
< 10 China
96%
< 150 Bangladesh
93%
<5 Laos
91%
< 50 Myanmar
91%
< 150 Bhutan
89%
< 400 Indonesia
89%
< 200 Nepal
89%
Cambodia
87%
< 250 Malaysia
87%
< 200 Thailand
87%
<5 Vietnam
87%
< 450 Russia
84%
No matching quizzes found
Score Distribution
Percent of People with Each Score
Percentile by Number Answered
Your Score History
You have not taken this quiz